000 nam a22 7a 4500
999 _c10728
_d10728
008 180222b ||||| |||| 00| 0 eng d
100 _aWason, V
_96580
245 _aBusiness Studies -XII
260 _aNew Delhi
_c2014